| 000 | 00722nam a2200229Ia 4500 | ||
|---|---|---|---|
| 003 | GCL | ||
| 005 | 20240530095533.0 | ||
| 008 | 140319s9999 xx 000 0 ara d | ||
| 020 | _a109709977 | ||
| 040 |
_aGCL / _cGCL |
||
| 082 | 0 | 4 |
_a923.4 _bق/ن س |
| 100 | 1 | _aتوفيق الشاوى | |
| 245 | 1 | 0 |
_aالسنهورى من خلال اوراقه الشخصية / _cتوفيق الشاوى |
| 250 | _aالاولى | ||
| 260 |
_aالقاهرة : _bدار الشروق ، _c2005 |
||
| 300 |
_a371ص ؛ _c24سم |
||
| 650 | 0 | 4 | _aعبدالرازق السنهورى |
| 650 | 0 | 4 | _aالرجال - تراجم |
| 650 | 0 | 4 | _aالقانونييون - تراجم |
| 700 | 1 | _aنادية السنهورى | |
| 942 |
_2ddc _cBK |
||
| 999 |
_c8177 _d8177 |
||